| 000 | 00809nam a2200241 a 4500 | ||
|---|---|---|---|
| 001 | 000018598 | ||
| 005 | 20250723150125.0 | ||
| 008 | 100512s2009 dr r 000 0 spa d | ||
| 020 | _a9789993458760 | ||
| 040 |
_aDO-SdBNP _bspa _cBNPHU |
||
| 082 |
_aRD861.44 _bD671g |
||
| 100 | 1 |
_aDomínguez, Francisca Otilia, _d1923- _924943 |
|
| 245 | 1 | 0 |
_aGranito de amor / _cFrancisca Otilia Domínguez ; prólogo Mariano Lebrón Saviñón. |
| 250 | _a2º ed. | ||
| 260 |
_aSanto Domingo : _bCentenario, _c2009. |
||
| 300 |
_a126 p. ; _c22 cm. |
||
| 590 | _aInventariado, 2018/BT | ||
| 650 | 0 |
_aPoesía dominicana _966 |
|
| 650 | 0 |
_aProsa dominicana _912146 |
|
| 650 | 0 |
_aLiteratura dominicana. _967 |
|
| 700 | 1 |
_aLebrón Saviñon, Mariano _d1922-2014 _epról. _97227 |
|
| 910 | _aValidado. Control de calidad. MMOLINA | ||
| 999 |
_c18118 _d18118 |
||